Squadre con più Gol segnati in Serie A - Statistics

Statistiche generali
  • Questo quiz è stato fatto 169 volte
  • Il punteggio medio è 14 su 15
Statistiche sulle risposte
Gol segnati Squadra % Corretto
5 385 Inter
100%
3 881 Lazio
100%
5 083 Milan
100%
3 671 Napoli
100%
4 597 Roma
100%
4 115 Fiorentina
99%
5 415 Juventus
99%
3 554 Torino
97%
2 668 Atalanta
96%
3 473 Bologna
95%
2 430 Genoa
94%
2 838 Sampdoria
94%
2 287 Udinese
90%
1 667 Cagliari
82%
1 300 Parma
73%
Nessun quiz corrispondente trovato
Distribuzione punteggi
Percentuale di utenti per punteggio
Percentile per numero di risposta
I tuoi punteggi nel tempo
Non hai fatto questo quiz